An historical discourse, delivered in the Central Baptist meeting house, Newport, R.I., January 8th, 1854 /

Bibliographic Details
Main Author: Jackson, Henry, 1798-1863
Format: Microform Book
Language:English
Published: Newport, R.I. : Cranston & Norman, 1854.
Subjects:

MARC

Tag First Indicator Second Indicator Subfields
LEADER 00000cam a2200000 a 4500
001 in00000096496
005 20150923174112.0
007 he bm| ba||
008 780130r1854 kyu b 00010 eng d
035 |a (OCoLC)03586828 
035 |9 AAK8623AM 
040 |a DLC  |c RRR  |d RRR  |d TXA  |d UtOrBLW 
043 |a n-us-ri 
049 |a TXAI 
082 0 |a 286 
099 |a fiche  |a C  |a 4317 
100 1 |a Jackson, Henry,  |d 1798-1863. 
245 1 3 |a An historical discourse, delivered in the Central Baptist meeting house, Newport, R.I., January 8th, 1854 /  |c by the pastor Henry Jackson; also the Articles of faith, and the covenant : adopted in Church Meeting, Jan. 7th, 1847 : together with a Catalogue of its members and its first letter to the Warren Association. 
264 1 |a Newport, R.I. :  |b Cranston & Norman,  |c 1854. 
300 |a 72 pages ;  |c 23 cm. 
336 |a text  |b txt  |2 rdacontent 
337 |a microform  |b h  |2 rdamedia 
338 |a microfiche  |b he  |2 rdacarrier 
500 |a "Sabin : 35416." 
500 |a "Copied from the original located in the State Historical Society of Wisconsin Library." 
533 |a Microfiche.  |b Louisville, [Ky.] :  |c Lost Cause Press,  |d 1977.  |e 2 microfiches : negative ; 11 x 15 cm.  |f ([Bibliotheca Americana. Selected Americana. Microfiche ed. / J. Sabin]) (Fiche book) 
500 |a Microform. 
610 2 0 |a Central Baptist Church (Newport, R.I.) 
999 |a MARS 
999 f f |s 1f05ba98-7a79-38c2-911a-91c3c3b42c35  |i a1d2ac55-ec44-3d9d-88ba-ec49fdee438d  |t 0 
952 f f |p normal  |a Texas A&M University  |b College Station  |c Sterling C. Evans Library  |d Evans: Microforms (3rd floor)  |t 0  |e fiche C 4317  |h Other scheme  |i microform -- microfiche  |m A14821749577 
998 f f |a fiche C 4317  |t 0  |l Evans: Microforms (3rd floor)